000 00692nam a2200181 i 4500
001 84705
003 ES-MaACL
005 20230906175056.0
007 t|
008 041123s1965 sp ||||1| spa d
100 1 _aJanson, H. W.
_966061
245 1 0 _aHistoria del Arte
_b: panorama de las artes plásticas de la Prehistoria a nuestros días /
_cR.W. Janson ; con la colaboración de Dora-Jane Janson ; [traducción por Francisco Payarols ; revisión de Alejandro Cirici].
260 _aBarcelona :
_bLabor,
_c1965.
300 _a567 p., 42 lám. :
_bil. ;
_c30 cm.
700 1 _aPayarols, Francisco.
_989715
700 1 _aCirici, Alexandre.
_938890
852 _aES-MaACL
_jC-26846
_bR.56552
999 _c84705
_d84705